Numerical modelling of soft-soil improvement techniques
Salvato in:
| Autore principale: | |
|---|---|
| Altri autori: | |
| Natura: | Manoscritto Libro |
| Lingua: | slovacco inglese |
| Pubblicazione: |
2021
|
| Soggetti: | |
| Accesso online: | http://is.stuba.sk/zp/portal_zp.pl?podrobnosti=159869 https://opac.crzp.sk/?fn=detailBiblioForm&sid=7E417B54B864B7C45321FF4635AB |
| Tags: |
Nessun Tag, puoi essere il primo ad aggiungerne!!
|
MARC
| LEADER | 00000ntm a22000003a 4500 | ||
|---|---|---|---|
| 001 | stuzp84624 | ||
| 003 | SK-STU | ||
| 005 | 20230516092314.8 | ||
| 007 | ta | ||
| 008 | 150427s2015----xo-----f-mn---000-0-slo-d | ||
| 040 | |a STU |b slo | ||
| 041 | 0 | |a eng | |
| 100 | 1 | |a Zarazvand, Bahman |u 010150 |4 aut |U SvF Stavebná fakulta |T SvF Katedra geotechniky |X 106071 |U V150 |Y 15 |7 106071 | |
| 242 | 0 | 1 | |a Numerické modelovanie zlepšovania zemín rôznymi metódami |y slo |
| 245 | 1 | 0 | |a Numerical modelling of soft-soil improvement techniques |
| 260 | |c 2021 | ||
| 650 | 4 | |a Metódy zlepšovania neúnosných zemín |2 slo | |
| 650 | 4 | |a štrkové piliere |2 slo | |
| 650 | 4 | |a numerické modelovanie |2 slo | |
| 650 | 4 | |a Soft-Soils Improvement Methods |2 eng | |
| 650 | 4 | |a Highway-Embankment |2 eng | |
| 650 | 4 | |a Numerical Modeling |2 eng | |
| 700 | 1 | |a Frankovská, Jana |u 010150 |k Z1 |4 ths |U SvF Stavebná fakulta |T SvF Katedra geotechniky |X 3849 |U V150 |Y 15 |7 A000003849 | |
| 856 | 4 | |u http://is.stuba.sk/zp/portal_zp.pl?podrobnosti=159869 | |
| 856 | 4 | |u https://opac.crzp.sk/?fn=detailBiblioForm&sid=7E417B54B864B7C45321FF4635AB | |